000 01571cam a2200385 a 4500
001 z9mscp b4196046
003 OCoLC
005 20171023151549.0
008 961011s1996 nyua j 000 1 spa d
020 _a9780590945196 (pbk.)
020 _a059094519X (pbk.)
024 3 0 _a780590945196
040 _aCCSM6.0.0
_beng
_cCCSM6.0.0
_dOCL
041 1 _aspa
_heng
099 _aSpanish
_aj
_a599.4
_aC689
_aau
100 1 _aCole, Joanna.
_0http://id.loc.gov/authorities/names/n80010098.
240 1 0 _aScholastic's The magic school bus going batty.
_lSpanish.
245 1 3 _aEl autobus magico vuelo nocturno
_bun libro sobre murcielagos ; [por Joanna Cole] ; ilustrado pro Bob Ostrom.
246 3 0 _aAutobus magico vuelo nocturno.
260 _aNew York :
_bScholastic,
_c1996.
264 1 _aNew York :
_bScholastic,
_c1996.
300 _a1 volume :
_bcolor illustrations ;
_c21 cm.
336 _atext
_btxt
_2rdacontent.
337 _aunmediated
_bn
_2rdamedia.
338 _avolume
_bnc
_2rdacarrier.
385 _nage
_aChildren
_2lcdgt.
490 1 _aMariposa.
500 _aTranslation of: Scholastic's The magic school bus going batty.
650 0 _aBats
_vJuvenile literature.
_0http://id.loc.gov/authorities/subjects/sh2007101919.
700 1 _aOstrom, Bob.
_0http://id.loc.gov/authorities/names/n95121108.
730 0 _aMagic school bus (Television program).
_0http://id.loc.gov/authorities/names/n98110594
_lSpanish.
752 _apa-s 7/01.
830 0 _aMariposa, Scholastic en espanol.
_0http://id.loc.gov/authorities/names/n97098638.
942 _2ddc
_cBK
999 _c19000
_d19000